Pénzintézeti adattárházfejlesztési projekt menedzselése a gyakorlatban

Bibliográfiai részletek
Szerző: Somos Márton Gergő
További közreműködők: Dobák Dr. Dóra Éva
Dokumentumtípus: Diplomadolgozat
Kulcsszavak:Adattárház
Projektmenedzsment
Pénzintézet
Online Access:http://dolgozattar.uni-bge.hu/14529

MARC

LEADER 00000nta a2200000 i 4500
001 dolg14529
005 20171218091030.0
008 171218suuuu hu om 000 hun d
040 |a BGE Dolgozattár Repozitórium  |b hun 
041 |a hu 
100 1 |a Somos Márton Gergő 
245 1 0 |a Pénzintézeti adattárházfejlesztési projekt menedzselése a gyakorlatban  |c Somos Márton Gergő  |h [elektronikus dokumentum] 
695 |a Adattárház 
695 |a Projektmenedzsment 
695 |a Pénzintézet 
700 1 |a Dobák Dr. Dóra Éva  |e ths 
856 4 0 |u http://dolgozattar.uni-bge.hu/14529/1/szakdolgozat_Somos_M%C3%A1rton_repo.pdf  |z Dokumentum-elérés 
856 4 0 |u http://dolgozattar.uni-bge.hu/14529/2/Titkos%C3%ADt%C3%A1s.pdf  |z Dokumentum-elérés